Náklady na vedu a výskum v štátoch OECD v kontexte príjmovej nerovnosti

Problematika nákladov do vedy a výskumu v kontexte príjmovej nerovnosti na vzorke štátov OECD. Štáty, ktoré najviac prispievajú na vedu a výskum patria k príjmovo rovnejším krajinám, a naopak štáty, ktoré najmenej prispievajú, patria k relatívne nerovným štátom.

Salvato in:
Dettagli Bibliografici
Autore principale: Janubová, Barbora, 1991-
Natura: Capitolo di libro
Lingua:slovacco
Soggetti:
Tags: Aggiungi Tag
Nessun Tag, puoi essere il primo ad aggiungerne!!

MARC

LEADER 00000naa a2200000 4500
001 0248895
005 20240502073959.8
041 0 |a slo 
044 |a SK 
245 1 0 |a Náklady na vedu a výskum v štátoch OECD v kontexte príjmovej nerovnosti  |c Barbora Janubová 
520 |a Problematika nákladov do vedy a výskumu v kontexte príjmovej nerovnosti na vzorke štátov OECD. Štáty, ktoré najviac prispievajú na vedu a výskum patria k príjmovo rovnejším krajinám, a naopak štáty, ktoré najmenej prispievajú, patria k relatívne nerovným štátom. 
610 2 0 |a veda 
610 2 0 |a nerovnosť príjmová 
610 2 0 |a náklady na vzdelanie 
610 2 0 |a výskum 
610 2 0 |a výdavky na vedu a výskum 
610 2 0 |a OECD 
610 2 0 |a financie verejné 
610 2 0 |a podpora vedy a výskumu 
100 1 |a Janubová, Barbora, 1991-